Statistics for Trick Questions and Riddles

Click here to take the quiz!

General Stats

  • This quiz has been taken 132 times
  • The average score is 3 of 9

Answer Stats

HintAnswer% Correct
What do you have that others use more than you do?Name
70%
If you have me, you'll feel like sharing me, but if you share me, you don't have me. What am I?Secret
48%
The man who made it, doesn't want it, the man who bought it doesn't need it, and the man who needs it, doesn't know he has to have it. What is this strange object?Coffin
37%
What is Muhammad Ali(very tricky)?Human
27%
30 white horses on a red hill. First they champ, then they stamp, then they stand still. What are the white horses?Teeth
25%
sta4nce What does sta4nce stand forFor instance
24%
What is orange and has yellow hair?Donald Trump
15%
poFISHnd What does poFISHnd mean?Big fish in a little pond
6%
A man gets to a river, and he has a fox, chicken, and a bag of chicken feed. There is a raft on the river bank. He can only bring one thing with him on the raft at a time. In what order must he bring each item without one eating another item?Chicken, fox, then take chicken back to other side, bag of chicken feed, and chicken
2%

Score Distribution

Percentile by Number Answered

Percent of People with Each Score

Your Score History

You have not taken this quiz